00941nam a22002417a 4500003000900000001000900009007000300018008003600021090000900057942000800066040003800074245008900112955000600201041000800207022001400215856005200229520025600281520011200537260000900649246001400658650000800672999001900680UA-OsUOA 136687 ta20190404b un ||||| |||| 00| 0 ukr d bJ-76 cMGN aUA-OsUOAbengcUA-OsUOAdUA-OsUOA aJournal of Language and Linguistic StudiescProf. Dr. Arif Sar?coban Editor-in-Chief a1 aeng a1305-578X40uhttp://www.jlls.org/index.php/jlls/issue/view/43 aJournal of Language and Linguistics Studies (JLLS) is a professional, double blind peer-reviewed international journal that aims to involve scholars not only from Turkey, but also from all international academic and professional community. The journal3 aprovides a platform for different theoretical and thematic approaches to linguistics and language teaching. c200631a(JLLS)n2 72UDC c421408d421408